Jornada Nacional Educar en Igualdad : prevención y erradicación de la violencia de género. Orientación para entidades educativas. Ley Nº27234 /
Guardado en:
| Autor Principal: | |
|---|---|
| Otros Autores: | , , , , , , , , , , |
| Formato: | Libro |
| Publicado: |
Buenos Aires :
Ministerio de Educación de la Nación,
2021.
|
| Edición: | 3a reimp. |
| Materias: | |
| Etiquetas: |
Agregar Etiqueta
Sin Etiquetas, Sea el primero en etiquetar este registro!
|
| LEADER | 02086nam a22004695a 4500 | ||
|---|---|---|---|
| 001 | CEM.cems019505 | ||
| 008 | 220906s2021##################000#0#####d | ||
| 005 | 20230321134307.0 | ||
| 245 | 1 | 0 | |a Jornada Nacional Educar en Igualdad : |b prevención y erradicación de la violencia de género. Orientación para entidades educativas. Ley Nº27234 / |c María Lía Bargallo y Otros ; coordinado por Marcelo Zelarallán y Marisa Ronconi. |
| 250 | |a 3a reimp. | ||
| 260 | |a Buenos Aires : |b Ministerio de Educación de la Nación, |c 2021. | ||
| 300 | |a 68 p. | ||
| 505 | 0 | |a Organización de la Jornada "Educar en Igualdad" -- Actividades para nivel Inicial -- Actividades para nivel Primario -- Actividades para nivel Secundario -- Actividades para nivel Superior -- Recursos -- Glosario -- Marco normativo sobre género y sexualidad -- Ley26.485 -- Ley 27.234 -- Ley 27.499 -- Resolución CFE 340/18 | |
| 020 | |a 9789877840285 | ||
| 100 | 1 | |a Bargallo, María Lía | |
| 700 | 1 | |a Zelarralán, Marcelo; coord. | |
| 700 | 1 | |a Ronconi, Marisa; coord. | |
| 700 | 1 | |a Bettinelli, Lorena. | |
| 700 | 1 | |a Castelli, Rosario. | |
| 700 | 1 | |a Garibaldi, Micaela. | |
| 700 | 1 | |a Hurrell, Silvia. | |
| 700 | 1 | |a Marina, Mirta. | |
| 700 | 1 | |a Melo, Adrián. | |
| 700 | 1 | |a Meresman, Judith. | |
| 700 | 1 | |a Nimo, María del Carmen. | |
| 700 | 1 | |a Nacach, Gabriela. | |
| 700 | 1 | |a Nacach, Gabriela. | |
| 082 | 0 | 4 | |a 371.76 |
| 653 | |a Educación sexual | ||
| 653 | |a Discriminación | ||
| 653 | |a Diversidad sexual | ||
| 653 | |a Educación Sexual Integral | ||
| 653 | |a Pedagogía educación sexual integral | ||
| 653 | |a Esi | ||
| 653 | |a Violencia | ||
| 653 | |a Violencia de Género | ||
| 653 | |a Perspectiva de Género | ||
| 859 | |a CEMS |b BIB. CEMS - Agricultura |h 371.76 |i B238-1 |p A3493.23 |t Ej.1 | ||
| 859 | |a CEMS |b BIB. CEMS - 11 de abril |h 371.76 |i B238-1 |p 29369.22 |t Ej.1 | ||
| 859 | |a CEMS |b BIB. CEMS - Agricultura |h 371.76 |i B238-1 |p A3494.23 |t Ej.2 | ||
| 859 | |a CEMS |b BIB. CEMS - 11 de abril |h 371.76 |i B238-1 |p 29379.22 |t Ej.2 | ||
| 859 | |a CEMS |b BIB. CEMS - Agricultura |h 371.76 |i B238-1 |p A3495.23 |t Ej.3 | ||
